| 000 | 00000nam##2200000za#4500 |
| 001 | 9.700301 |
| 003 | CaOODSP |
| 005 | 20210625000756 |
| 007 | cr ||||||||||| |
| 008 | 150407|1985||||xxc|||||o f|0| 0 eng|d |
| 040 | |aCaOODSP|beng |
| 043 | |an-cn--- |
| 086 | 1 |aA15-5200/1985E-PDF |
| 110 | 1 |aCanada.|bAgriculture Canada. |bCommunications Branch. |
| 245 | 10|aCareers in the agri-food system |h[electronic resource] |
| 260 | |aOttawa - Ontario : |bAgriculture Canada. |cc1985. |
| 300 | |a16p.|bcoloured illus. |
| 500 | |aHistorical publication digitized by Agriculture and Agri-Food Canada. |
| 590 | |a15-02-Supp|b2015-02-16 |
| 690 | 07|aGardening|2gcpds |
| 690 | 07|aNorthern Canada|2gcpds |
| 775 | 08|tLes carrières dans le circuit agro-alimentaire |w(CaOODSP)9.644196 |
| 856 | 40|ahttp://publications.gc.ca|qPDF|s1631 KB|uhttps://publications.gc.ca/collections/collection_2015/aac-aafc/A15-5200-1985-eng.pdf |
| 986 | |aPublication 5200/E |